Never look back / (Record no. 2468)

MARC details
000 -LEADER
fixed length control field 00577nam a22002057a 4500
005 - DATE AND TIME OF LATEST TRANSACTION
control field 20260123034736.0
008 - FIXED-LENGTH DATA ELEMENTS--GENERAL INFORMATION
fixed length control field 260123b |||||||| |||| 00| 0 eng d
020 ## - INTERNATIONAL STANDARD BOOK NUMBER
International Standard Book Number 978-1-5476-0742-6
082 ## - DEWEY DECIMAL CLASSIFICATION NUMBER
Classification number Fic. R621 2021
100 ## - MAIN ENTRY--PERSONAL NAME
Personal name Rivera, Lilliam
9 (RLIN) 83
245 ## - TITLE STATEMENT
Title Never look back /
Statement of responsibility, etc. Lilliam Rivera
260 ## - PUBLICATION, DISTRIBUTION, ETC.
Place of publication, distribution, etc. New York:
Name of publisher, distributor, etc. Bloomsbury,
Date of publication, distribution, etc. c2021
300 ## - PHYSICAL DESCRIPTION
Extent 312p.
541 ## - IMMEDIATE SOURCE OF ACQUISITION NOTE
Accession number 7845 c.1
650 ## - SUBJECT ADDED ENTRY--TOPICAL TERM
Topical term or geographic name entry element Family life - Fiction
9 (RLIN) 84
650 ## - SUBJECT ADDED ENTRY--TOPICAL TERM
Topical term or geographic name entry element Romance fiction
9 (RLIN) 71
650 ## - SUBJECT ADDED ENTRY--TOPICAL TERM
Topical term or geographic name entry element Spirits - Fiction
9 (RLIN) 85
650 ## - SUBJECT ADDED ENTRY--TOPICAL TERM
Topical term or geographic name entry element Paranormal fiction
9 (RLIN) 86
650 ## - SUBJECT ADDED ENTRY--TOPICAL TERM
Topical term or geographic name entry element Supernatural - Fiction
9 (RLIN) 87
Holdings
Withdrawn status Lost status Source of classification or shelving scheme Damaged status Not for loan Home library Current library Date acquired Total Checkouts Full call number Barcode Date last seen Copy number Price effective from Koha item type
    Dewey Decimal Classification     ctu-moalboal ctu-moalboal 05/27/2024   Fic. R621 2021 7845 01/23/2026 1 01/23/2026 Books-Fiction